[Event "HUN-chT2 Szechenyi 1819"]
[Site "Hungary"]
[Date "2019.04.28"]
[Round "9.5"]
[White "Toth, Balazs1111"]
[Black "Szep, Milan"]
[Result "0-1"]
[WhiteElo "1914"]
[BlackElo "2007"]
[PlyCount "80"]
[EventDate "2018.10.28"]
[EventType "team-tourn"]
[EventRounds "9"]
[EventCountry "HUN"]
[SourceTitle "EXT 2021"]
[Source "ChessBase"]
[SourceDate "2020.10.23"]
[SourceVersion "1"]
[SourceVersionDate "2020.10.23"]
[SourceQuality "1"]
[WhiteTeam "Gyor Szechenyi II"]
[BlackTeam "Sarvar"]
[WhiteTeamCountry "HUN"]
[BlackTeamCountry "HUN"]

1. e4 e6 2. Nf3 d5 3. exd5 exd5 4. d4 Bd6 5. Bd3 h6 6. 0-0 Ne7 7. Ne5 Bxe5 8. dxe5 c5 9. c3 Be6 10. f4 g6 11. Na3 a6 12. Qe2 h5 13. c4 d4 14. Bd2 Qd7 15. Rab1 0-0 16. b4 b6 17. bxc5 bxc5 18. Qf3 Nbc6 19. Nc2 Rab8 20. Rfc1 Bg4 21. Qf2 Bf5 22. Ne1 Nb4 23. Bxb4 cxb4 24. Qd2 a5 25. Nf3 Rfd8 26. Ng5 Rbc8 27. Qe2 Bxd3 28. Qxd3 Qf5 29. Ne4 Qxf4 30. Nd6 Rc7 31. Rf1 Qe3+ 32. Qxe3 dxe3 33. Rbe1 Nc6 34. Rxe3 Nxe5 35. Ne4 Nxc4 36. Nf6+ Kh8 37. Re2 Nd2 38. Rfe1 Rc6 39. Rf2 Kg7 40. Ne8+ Rxe8 0-1

[Event "HUN-chT2 Szechenyi 1718"]
[Site "Hungary"]
[Date "2018.01.28"]
[Round "5.4"]
[White "Jakab, Attila"]
[Black "Szep, Milan"]
[Result "1-0"]
[WhiteElo "2357"]
[BlackElo "2011"]
[PlyCount "75"]
[EventDate "2017.10.29"]
[EventType "team-tourn"]
[EventRounds "9"]
[EventCountry "HUN"]
[SourceTitle "EXT 2021"]
[Source "ChessBase"]
[SourceDate "2020.10.23"]
[SourceVersion "1"]
[SourceVersionDate "2020.10.23"]
[SourceQuality "1"]
[WhiteTeam "Ajka Banyasz"]
[BlackTeam "Sarvar"]
[WhiteTeamCountry "HUN"]
[BlackTeamCountry "HUN"]

1. d4 d5 2. c4 e6 3. Nc3 Nf6 4. cxd5 exd5 5. Bg5 Be7 6. e3 c6 7. Bd3 h6 8. Bh4 Qb6 9. Qc2 Na6 10. a3 Qa5 11. Rd1 0-0 12. Nge2 g5 13. Bg3 c5 14. h4 g4 15. 0-0 c4 16. Bf5 Qb6 17. Be5 Bxf5 18. Qxf5 Qe6 19. Qc2 Nh5 20. e4 dxe4 21. Qxe4 Bxh4 22. Qxb7 f6 23. Nf4 Nxf4 24. Bxf4 Rad8 25. Bxh6 Rf7 26. d5 Rxb7 27. dxe6 Re8 28. g3 Rh7 29. Bf4 Bg5 30. Bxg5 fxg5 31. Rd4 Rxe6 32. Rxg4 Reh6 33. Rxg5+ Kf8 34. Rf5+ Ke8 35. Kg2 Rh2+ 36. Kf3 Re7 37. Rd1 Rb7 38. Re1+ 1-0

[Event "HUN-chT2 Szechenyi 1718"]
[Site "Hungary"]
[Date "2017.12.17"]
[Round "4.4"]
[White "Szep, Milan"]
[Black "Szabo, Balazs1111"]
[Result "0-1"]
[WhiteElo "2011"]
[BlackElo "1919"]
[PlyCount "152"]
[EventDate "2017.10.29"]
[EventType "team-tourn"]
[EventRounds "9"]
[EventCountry "HUN"]
[SourceTitle "EXT 2021"]
[Source "ChessBase"]
[SourceDate "2020.10.23"]
[SourceVersion "1"]
[SourceVersionDate "2020.10.23"]
[SourceQuality "1"]
[WhiteTeam "Sarvar"]
[BlackTeam "Veszprem Ezust Huszar"]
[WhiteTeamCountry "HUN"]
[BlackTeamCountry "HUN"]

1. e4 e5 2. Nf3 Nc6 3. Bb5 a6 4. Ba4 Nf6 5. 0-0 Nxe4 6. Re1 Nc5 7. Bxc6 dxc6 8. Nxe5 Be7 9. d4 Ne6 10. c3 0-0 11. Nd2 c5 12. dxc5 Bxc5 13. Qb3 Qf6 14. Ndf3 b5 15. a4 Rb8 16. Bd2 Rb6 17. axb5 Rxb5 18. Qc2 Bd6 19. Ng4 Qg6 20. Qxg6 hxg6 21. b4 Bb7 22. c4 Rh5 23. c5 Bf4 24. Bxf4 Nxf4 25. Nge5 f6 26. c6 fxe5 27. cxb7 Rb8 28. Rxa6 Rxb7 29. Nxe5 Rxb4 30. Ra8+ Kh7 31. Nf7 g5 32. g4 Nh3+ 33. Kf1 Rh4 34. Rh8+ Kg6 35. Ne5+ Kf6 36. Rf8+ Ke7 37. Ng6+ Kd6 38. Nxh4 gxh4 39. Rf7 Rxg4 40. Re3 Rf4 41. Rxf4 Nxf4 42. Re4 g5 43. f3 Kd5 44. Kf2 c5 45. Ke3 Ng2+ 46. Kd2 Nf4 47. Kc3 Ne6 48. Rg4 Ke5 49. Kc4 Kf5 50. Kd3 Nf4+ 51. Ke3 Ne6 52. Rc4 Kf6 53. Ra4 Ke5 54. Rc4 Kf5 55. Ra4 Ke5 56. Ra7 Kf5 57. Rf7+ Ke5 58. Kd3 Nf4+ 59. Kc4 Ne6 60. Re7 Kd6 61. Re8 Ke5 62. Re7 Kd6 63. Ra7 Ke5 64. Ra6 Nd4 65. Kxc5 Nxf3 66. Kc4 Nxh2 67. Kd3 Kf4 68. Ke2 Kg3 69. Ra3+ Kg2 70. Ra2 g4 71. Ke1+ Kg1 72. Ra4 g3 73. Ke2 h3 74. Rh4 Kg2 75. Rf4 Ng4 76. Rxg4 h2 0-1

[Event "HUN-chT2 Szechenyi 1718"]
[Site "Hungary"]
[Date "2017.11.26"]
[Round "2.6"]
[White "Szep, Milan"]
[Black "Toth, Tibor2222"]
[Result "1/2-1/2"]
[WhiteElo "2011"]
[BlackElo "1970"]
[PlyCount "42"]
[EventDate "2017.10.29"]
[EventType "team-tourn"]
[EventRounds "9"]
[EventCountry "HUN"]
[SourceTitle "EXT 2021"]
[Source "ChessBase"]
[SourceDate "2020.10.23"]
[SourceVersion "1"]
[SourceVersionDate "2020.10.23"]
[SourceQuality "1"]
[WhiteTeam "Sarvar"]
[BlackTeam "Haladas Szombathely III"]
[WhiteTeamCountry "HUN"]
[BlackTeamCountry "HUN"]

1. e4 d5 2. exd5 Nf6 3. d4 Bg4 4. Be2 Bxe2 5. Nxe2 Qxd5 6. 0-0 Nc6 7. b3 0-0-0 8. c3 Qh5 9. Qe1 e5 10. Ng3 Qh4 11. Bb2 exd4 12. Nf5 Qh5 13. Nxd4 Nxd4 14. cxd4 Bd6 15. h3 Rhe8 16. Qc3 Kb8 17. Nd2 Nd5 18. Qf3 Qxf3 19. Nxf3 Re2 20. Rab1 Rde8 21. Rfe1 f6 1/2-1/2

[Event "HUN-chT2 Szechenyi 1516"]
[Site "Hungary"]
[Date "2015.09.13"]
[Round "1.8"]
[White "Szep, Milan"]
[Black "Simo, Judit"]
[Result "1-0"]
[WhiteElo "1841"]
[BlackElo "1888"]
[PlyCount "79"]
[EventDate "2015.09.13"]
[EventType "team-tourn"]
[EventRounds "11"]
[EventCountry "HUN"]
[SourceTitle "CBM 170 Extra"]
[Source "ChessBase"]
[SourceDate "2016.02.25"]
[SourceVersion "1"]
[SourceVersionDate "2016.02.25"]
[SourceQuality "1"]
[WhiteTeam "Sarvar"]
[BlackTeam "Tapolca Kolcsey"]
[WhiteTeamCountry "HUN"]
[BlackTeamCountry "HUN"]

1. e4 c5 2. Nf3 d6 3. d4 cxd4 4. Nxd4 Nf6 5. Nc3 Nc6 6. Be2 e5 7. Nb3 Be7 8. Be3 0-0 9. f3 Be6 10. Nd5 Bxd5 11. exd5 Nb4 12. c4 b5 13. Qd2 bxc4 14. Bxc4 a5 15. 0-0 Rc8 16. Rfc1 e4 17. a3 a4 18. Qxb4 axb3 19. Qxb3 Rb8 20. Qc2 exf3 21. gxf3 Qd7 22. b4 Rbc8 23. Qe2 Qf5 24. Rd1 Rfe8 25. Rac1 Ra8 26. Rc3 Nd7 27. Bd3 Qh5 28. f4 Qh4 29. Bb5 Red8 30. Rc7 Nf8 31. Bf2 Qxf4 32. Rxe7 Rxa3 33. Be8 Rda8 34. Bxf7+ Kh8 35. Rd4 Ra1+ 36. Kg2 Qg5+ 37. Rg4 Qc1 38. Rxg7 Qh1+ 39. Kh3 R1a3+ 40. Bg3 1-0

[Event "Level op-A 3rd"]
[Site "Level"]
[Date "2015.03.28"]
[Round "3"]
[White "Szep, Milan"]
[Black "Frank, Jozsef1111"]
[Result "1-0"]
[WhiteElo "1784"]
[BlackElo "2096"]
[PlyCount "105"]
[EventDate "2015.03.27"]
[EventType "swiss"]
[EventRounds "7"]
[EventCountry "HUN"]
[SourceTitle "EXT 2020"]
[Source "ChessBase"]
[SourceDate "2019.10.17"]
[SourceVersion "1"]
[SourceVersionDate "2019.10.17"]
[SourceQuality "1"]

1. e4 e6 2. d4 d5 3. Nd2 dxe4 4. Nxe4 Nf6 5. Bd3 Bd7 6. Nf3 Bc6 7. Qe2 Nxe4 8. Bxe4 Bxe4 9. Qxe4 c6 10. 0-0 Be7 11. Re1 Nd7 12. c4 0-0 13. Bf4 h6 14. Rad1 Nf6 15. Qe3 Kh7 16. Qd3+ g6 17. Ne5 Nh5 18. Bc1 Bg5 19. g4 Ng7 20. f4 Bf6 21. Nf3 c5 22. d5 exd5 23. cxd5 Bd4+ 24. Nxd4 cxd4 25. Qf3 Qa5 26. f5 Rae8 27. Rf1 gxf5 28. gxf5 f6 29. Rxd4 Re1 30. Bd2 Rxf1+ 31. Qxf1 Qc5 32. Qf4 a5 33. Qxh6+ Kg8 34. Be3 Qc2 35. Qg6 Qxf5 36. Qxf5 Nxf5 37. Rg4+ Kf7 38. Bb6 Rc8 39. Rf4 Kg6 40. b3 Kg5 41. Rc4 Re8 42. Bxa5 Re2 43. h4+ Nxh4 44. Rxh4 Kxh4 45. d6 Rxa2 46. d7 Ra1+ 47. Kf2 Rd1 48. d8R Rxd8 49. Bxd8 Kg5 50. Ke3 Kf5 51. Kd4 Ke6 52. Kc5 f5 53. Kb6 1-0

[Event "HUN-chT2 Szechenyi 1415"]
[Site "Hungary"]
[Date "2015.01.25"]
[Round "7.11"]
[White "Szep, Milan"]
[Black "Barasits, Balint"]
[Result "1-0"]
[WhiteElo "1728"]
[BlackElo "1553"]
[PlyCount "53"]
[EventDate "2014.09.07"]
[EventType "team-tourn"]
[EventRounds "11"]
[EventCountry "HUN"]
[SourceTitle "EXT 2016"]
[Source "ChessBase"]
[SourceDate "2015.10.08"]
[SourceVersion "1"]
[SourceVersionDate "2015.10.08"]
[SourceQuality "1"]
[WhiteTeam "Sarvar"]
[BlackTeam "Arboretum"]
[WhiteTeamCountry "HUN"]
[BlackTeamCountry "HUN"]

1. e4 e5 2. Nf3 Nf6 3. Nxe5 d6 4. Nf3 Nxe4 5. d4 d5 6. Bd3 Bd6 7. 0-0 0-0 8. c4 c6 9. Qc2 Re8 10. Nc3 Nxc3 11. Bxh7+ Kh8 12. bxc3 Bg4 13. Ng5 Qc7 14. h3 Bh5 15. g4 f6 16. Nf3 Bf7 17. Nh4 dxc4 18. Qf5 Bh2+ 19. Kh1 Bd5+ 20. f3 g5 21. Bg6 Rf8 22. Bxg5 Nd7 23. Bf4 Ne5 24. Bxh2 Qe7 25. dxe5 fxe5 26. Bxe5+ Kg8 27. Qh5 1-0

[Event "HUN-chT2 Szechenyi 1415"]
[Site "Hungary"]
[Date "2014.10.12"]
[Round "3.8"]
[White "Mihalyfi, Gabor"]
[Black "Szep, Milan"]
[Result "0-1"]
[WhiteElo "1996"]
[BlackElo "1728"]
[PlyCount "80"]
[EventDate "2014.09.07"]
[EventType "team-tourn"]
[EventRounds "11"]
[EventCountry "HUN"]
[SourceTitle "EXT 2016"]
[Source "ChessBase"]
[SourceDate "2015.10.08"]
[SourceVersion "1"]
[SourceVersionDate "2015.10.08"]
[SourceQuality "1"]
[WhiteTeam "Ajka Banyasz"]
[BlackTeam "Sarvar"]
[WhiteTeamCountry "HUN"]
[BlackTeamCountry "HUN"]

1. e4 e6 2. d4 d5 3. Nd2 b6 4. e5 c5 5. c3 Nd7 6. f4 Ne7 7. Ndf3 g6 8. Bd3 Bb7 9. Ne2 h5 10. Be3 Bh6 11. Qd2 Nc6 12. Ng5 Qe7 13. 0-0 0-0-0 14. Rab1 Rhg8 15. b4 c4 16. Bc2 f6 17. exf6 Nxf6 18. Nf3 Rdf8 19. Ne5 Qg7 20. Ng3 h4 21. Nh1 Ne7 22. a4 Nf5 23. Bxf5 gxf5 24. Qe2 Ne4 25. Rbc1 Qh7 26. Rf3 Bg7 27. Nf2 Nd6 28. Nh3 Bxe5 29. dxe5 Nf7 30. Bd4 Rg4 31. Rf2 Rfg8 32. b5 Qh5 33. Qd2 R4g6 34. Ra1 Qg4 35. Kf1 Nh6 36. Qe2 Qxh3 37. Ra2 Qxh2 38. Qf3 Ng4 39. Rfb2 Qh1+ 40. Ke2 Nh2 0-1

[Event "HUN-chT U18"]
[Site "Miskolc"]
[Date "2011.11.04"]
[Round "5.4"]
[White "Szep, Milan"]
[Black "Balint, Bence Daniel"]
[Result "0-1"]
[WhiteElo "1489"]
[BlackElo "1581"]
[PlyCount "126"]
[EventDate "2011.11.02"]
[EventType "team-swiss"]
[EventRounds "8"]
[EventCountry "HUN"]
[SourceTitle "EXT 2012"]
[Source "ChessBase"]
[SourceDate "2011.11.24"]
[SourceVersion "1"]
[SourceVersionDate "2011.11.24"]
[SourceQuality "1"]
[WhiteTeam "Desi"]
[BlackTeam "Sarkany II"]
[WhiteTeamCountry "HUN"]
[BlackTeamCountry "HUN"]

1. e4 c5 2. Nf3 d6 3. h3 Nf6 4. Bb5+ Bd7 5. Bxd7+ Qxd7 6. d3 Nc6 7. Bg5 e6 8. Nbd2 Be7 9. c3 h6 10. Bh4 0-0 11. 0-0 a6 12. Re1 Nh7 13. Bg3 d5 14. exd5 Qxd5 15. Nc4 Rad8 16. Qb3 b5 17. Nce5 Nxe5 18. Nxe5 Bf6 19. c4 Qb7 20. a4 b4 21. Rad1 Bxe5 22. Rxe5 Qc6 23. Qc2 Rd7 24. b3 Rfd8 25. Qe2 Nf8 26. Qe3 Rd4 27. Rh5 Ng6 28. f3 Ne7 29. Be5 Nf5 30. Rxf5 exf5 31. Bxd4 Rxd4 32. f4 Qe6 33. Qf3 Kh7 34. g4 fxg4 35. hxg4 Qd6 36. f5 Qf4 37. Rf1 Qxg4+ 38. Qxg4 Rxg4+ 39. Kh2 Rd4 40. Rf3 h5 41. Kh3 Kh6 42. f6 g6 43. Kg2 Kg5 44. Re3 Kxf6 45. Kf2 Rd8 46. Ke2 h4 47. Kd2 g5 48. Rh3 Kg6 49. Re3 g4 50. Re4 Kf5 51. Ke3 Rd4 52. Rxd4 cxd4+ 53. Kxd4 h3 54. c5 h2 55. c6 h1Q 56. c7 Qc6 57. c8Q+ Qxc8 58. a5 Qc3+ 59. Ke3 Qxb3 60. Ke2 Ke5 61. d4+ Kxd4 62. Kd2 Qb2+ 63. Ke1 Ke3 0-1

[Event "HUN-chT U18"]
[Site "Miskolc"]
[Date "2011.11.03"]
[Round "3.4"]
[White "Szep, Milan"]
[Black "Csetneki, Mark"]
[Result "0-1"]
[WhiteElo "1489"]
[BlackElo "1679"]
[PlyCount "146"]
[EventDate "2011.11.02"]
[EventType "team-swiss"]
[EventRounds "8"]
[EventCountry "HUN"]
[SourceTitle "EXT 2012"]
[Source "ChessBase"]
[SourceDate "2011.11.24"]
[SourceVersion "1"]
[SourceVersionDate "2011.11.24"]
[SourceQuality "1"]
[WhiteTeam "Desi"]
[BlackTeam "Honved Aurora"]
[WhiteTeamCountry "HUN"]
[BlackTeamCountry "HUN"]

1. e4 e5 2. Nf3 Nc6 3. Bb5 g6 4. 0-0 d6 5. h3 a6 6. Ba4 Bg7 7. c3 Bd7 8. d4 Nf6 9. Bg5 Qe7 10. Nbd2 0-0 11. Re1 h6 12. Bh4 b5 13. Bb3 Na5 14. Bc2 Nb7 15. b4 Nd8 16. Nb3 Nb7 17. Qd2 a5 18. bxa5 Nxa5 19. dxe5 dxe5 20. Rad1 Rfd8 21. Qe2 Nc4 22. Bd3 Be6 23. Bg3 Nh5 24. Bh2 Bf6 25. Ra1 Ra4 26. Nfd2 Nxd2 27. Nxd2 c6 28. c4 Qd7 29. Bc2 Bxc4 30. Nxc4 Rxc4 31. Bb3 Rd4 32. Rad1 c5 33. Bd5 Ng7 34. Qf3 Qe7 35. Qg4 Ne6 36. Bg3 Nc7 37. Qxg6+ Bg7 38. Qh5 Nxd5 39. exd5 R8xd5 40. Rxd4 cxd4 41. f4 f6 42. Bh4 d3 43. Qf3 Qc5+ 44. Bf2 d2 45. Rd1 Qc4 46. Qb3 Rd3 47. Qb1 e4 48. h4 f5 49. h5 Bd4 50. Bxd4 Qxd4+ 51. Kh1 Qc4 52. Qb2 Rd4 53. Rxd2 Qf1+ 54. Kh2 Qxf4+ 55. Kh1 Qxd2 56. Qb3+ Kg7 57. Qg3+ Kf6 58. Qg6+ Ke5 59. Qg3+ Qf4 60. Qg7+ Kd5 61. Qb7+ Kc4 62. Qc6+ Kd3 63. Qxb5+ Ke3 64. Qb3+ Rd3 65. Qb6+ Ke2 66. Qb2+ Qd2 67. Qb5 e3 68. Qxf5 Qe1+ 69. Kh2 Qh4+ 70. Qh3 Qxh3+ 71. Kxh3 Kf2 72. a4 e2+ 73. Kh2 e1Q 0-1